000 00343cam a22001217a 4500
008 180718b1958 xxu||||| |||| 00| 0 eng d
082 _aP24x54 K112s
100 _aKabir, Humayun
245 _aStudent unrest: causes and cure
_cby Humayun Kabir
260 _aCalcutta
_bOrient Book
_c1958
300 _a131p.
650 _aSchool Discipline - India
999 _c371001
_d371001